Карта полуострова Крым

RUSMARC
00006117cbc2a2200000#x 450
001c5c31302-df05-4292-89c8-88af0fa02616
00520180912134936.0
100##$a20131006l19091909k y0rusy0189 ca
1010#$arus
102##$aRU
251##$cДело
2250#$aФонд Техническо-строительный комитет МВД
$hОпись № 167
324##$aГрафика
801#0$aRU
$bРГИА
$c20131006
801#1$aRU
$bГлавНИВЦ
$c20131006
$2rusmarc
801#2$aRU
$bПБ им. Б.Н. Ельцина
$c20131008
$gRCR
$2rusmarc
850##$aФедеральное казенное учреждение "Российский государственный исторический архив" (РГИА)
852##$aРГИА
$j128
937##$aASBIBLIO_SCAN
$bРГИА_1293:_167:Разные планы,чертежи и карты_128:
$d6276162
$hРГИА
2001#$aКарта полуострова Крым
$j1909
215##$a2 листа
$cкарт.
035##$ac5c31302-df05-4292-89c8-88af0fa02616
120##$aa y
121##$aa aaaa a
1220#$ad1909######
124##$aa
$bd
300##$aБумага. Тушь, карандаш, акварель
300##$aРукописный текст. Карандаш
300##$aЗаголовок дела также: Разные планы, чертежи и карты. Разные карты. Карта полуострова Крыма
461#0$1001597a3917-b61a-443f-a337-cac2b95e7413
$12001
$aТехническо-строительный комитет МВД
$1251
$cФонд
$1852
$j1293
462#0$100174882a7e-fba9-4b57-a8bc-b3fb58ad7a85
$12001
$a1782-1917 гг.
$vД. 128
$1251
$cОпись
$1852
$j167
5171#$aРазные планы, чертежи и карты. Разные карты. Карта полуострова Крыма
50900$aКрым
$bполуостров
$lКарта
608##$2prlib_sh
$3LIBNET\UAF\0000026810
$aГеографические карты
$yРоссия
617##$2prlib_sh
$bРеспублика Крым
617##$2prlib_sh
$cТаврическая губерния
686##$2rubbk
$a63.3(283.737)53я64
$vLBC/M
686##$a26.89(283.737)я64
$vLBC/M
$2rubbk
605##$2acquisition_Prlib
$3LIBNET\UAF\0000042701
$aТерритория России: Крым, Республика
$lколлекция
605##$aРеспублика Крым: страницы истории
$lколлекция
$2acquisition_Prlib
$3LIBNET\UAF\0000044397
605##$aТерритория
$lколлекция
$2acquisition_Prlib
$3DITM\AF\0000004675
607##$2nlr_sh
$3RU\NLR\AUTH\66197318
$aКрымский полуостров (Юг Восточной Европы)
$jКарты
Формат отображения